MARC

LEADER 00000nam0a2200000 4500
001 272206
005 20231101234518.0
020 |a RU  |b 87-40002 
035 |a (RuTPU)RU\TPU\book\295412 
090 |a 272206 
100 |a 20141016d1987 k y0rusy5003 ca 
101 0 |a rus 
102 |a TJ 
105 |a y z 001zy 
200 1 |a Этика Насириддина Туси в свете его теории свободы воли  |f Н. Идибеков  |g Академия наук Таджикской ССР (АН ТадССР) ; под ред. А. Мухамедходжаева 
210 |a Душанбе  |c Дониш  |d 1987 
215 |a 92 с. 
320 |a Библиогр.: с. 88-90 (55 назв.) 
600 0 |a Насирэддин Туси (Насир ад-Дин ат-Туси)  |c ученый-энциклопедист и государственный деятель Востока  |c полное имя Насирэддин Туси Абу Джафар Мухаммед ибн Мухаммед ибн Хасан Абу Бакр  |f 1201-1274  |2 stltpush  |3 (RuTPU)RU\TPU\pers\31170  |9 15366 
606 1 |a Философия  |x История  |2 stltpush  |3 (RuTPU)RU\TPU\subj\63881  |9 80813 
606 1 |a Богоискательство и богостроительство  |2 stltpush  |3 (RuTPU)RU\TPU\subj\30007  |9 53209 
610 1 |a свобода воли 
610 1 |a этика 
610 1 |a общественная мысль 
610 1 |a Азербайджан 
610 1 |a 13 век 
686 |a Ю3(2Аз)  |2 rubbk 
686 |a Э7г  |2 rubbk 
700 1 |a Идибеков  |b Н.  |g Насрин  |4 070 
702 1 |a Мухамедходжаев  |b А.  |4 340 
712 0 2 |a Академия наук Таджикской ССР (АН ТадССР)  |2 stltpush  |3 (RuTPU)RU\TPU\col\7603 
801 0 |a RU  |b RuMRKP  |c 19950417  |g psbo 
801 1 |a RU  |b 63413507  |c 20141016 
801 2 |a RU  |b 63413507  |c 20161223  |g RCR 
942 |c BK